Researching and analysing business : (Record no. 41513)
[ view plain ]
| 000 -LEADER | |
|---|---|
| fixed length control field | 02640cam a2200361 i 4500 |
| 001 - CONTROL NUMBER | |
| control field | 23283482 |
| 005 - DATE AND TIME OF LATEST TRANSACTION | |
| control field | 20240724164608.0 |
| 008 - FIXED-LENGTH DATA ELEMENTS--GENERAL INFORMATION | |
| fixed length control field | 230818s2024 enka b 001 0 eng |
| 010 ## - LIBRARY OF CONGRESS CONTROL NUMBER | |
| LC control number | 2023026230 |
| 020 ## - INTERNATIONAL STANDARD BOOK NUMBER | |
| International Standard Book Number | 9780367620653 |
| 020 ## - INTERNATIONAL STANDARD BOOK NUMBER | |
| International Standard Book Number | |
| 020 ## - INTERNATIONAL STANDARD BOOK NUMBER | |
| Canceled/invalid ISBN | |
| 042 ## - AUTHENTICATION CODE | |
| Authentication code | pcc |
| 082 00 - DEWEY DECIMAL CLASSIFICATION NUMBER | |
| Classification number | 658 FOR |
| 100 ## - MAIN ENTRY--PERSONAL NAME | |
| Author | Pantea Foroudi |
| 245 00 - TITLE STATEMENT | |
| Title | Researching and analysing business : |
| Remainder of title | research methods in practice / |
| 260 ## - PUBLICATION, DISTRIBUTION, ETC. | |
| Place | London And New York |
| Publisher | Routledge |
| Publication Year | 2024 |
| 300 ## - PHYSICAL DESCRIPTION | |
| Extent | xvi, 437 pages : |
| Other physical details | illustrations ; |
| Dimensions | 24 cm |
| 365 ## - TRADE PRICE | |
| Price amount | 39.99 |
| Currency code | £ |
| 504 ## - BIBLIOGRAPHY, ETC. NOTE | |
| Bibliography, etc. note | Includes bibliographical references and index. |
| 520 ## - SUMMARY, ETC. | |
| Summary, etc. | "Researching and Analysing Business: Research Methods in Practice provides an accessible and practical guide to various data collection and data analysis techniques within management, from both quantitative and qualitative perspectives. This key resource functions as a comprehensive reference tool - covering a broad variety of methodologies - examining both the theory behind them and their application in practice. These include systematic literature review through bibliometric and meta-analysis, secondary vs primary sources, qualitative research vs quantitative research, combining qualitative and quantitative methods, qualitative and quantitative research method approaches, fsQCA, data mining, and sentiment analysis. Chapters are rich in examples, data sets, practical exercises, easy-to-follow slides, and a glossary, which help readers to understand and apply research approaches as well as to assess the strengths and weaknesses of each method. Unique in its practical approach and with insights from active researchers, this book is required and recommended reading for advanced undergraduate and postgraduate students studying research methods as a core module within business and management courses. It is also a useful tool for PhD students and academics within the discipline. Online support materials include PowerPoint slides"-- |
| 650 #0 - SUBJECT ADDED ENTRY--TOPICAL TERM | |
| Subject | Industrial management |
| -- | Business |
| 700 1# - ADDED ENTRY--PERSONAL NAME | |
| Co-Author | Foroudi, Pantea, |
| 700 1# - ADDED ENTRY--PERSONAL NAME | |
| Co-Author | Dennis, Charles |
| 942 ## - ADDED ENTRY ELEMENTS (KOHA) | |
| Koha item type | Books |
| 264 #1 - PRODUCTION, PUBLICATION, DISTRIBUTION, MANUFACTURE, AND COPYRIGHT NOTICE | |
| Place of production, publication, distribution, manufacture | Abingdon, Oxon ; |
| -- | New York, NY : |
| Name of producer, publisher, distributor, manufacturer | Routledge, Taylor & Francis Group |
| Date of production, publication, distribution, manufacture, or copyright notice | 2024. |
| 336 ## - CONTENT TYPE | |
| Content type term | text |
| Content type code | txt |
| Source | rdacontent |
| 337 ## - MEDIA TYPE | |
| Media type term | unmediated |
| Media type code | n |
| Source | rdamedia |
| 338 ## - CARRIER TYPE | |
| Carrier type term | volume |
| Carrier type code | nc |
| Source | rdacarrier |
| 776 08 - ADDITIONAL PHYSICAL FORM ENTRY | |
| Relationship information | Online version: |
| Title | Researching and analysing business |
| Place, publisher, and date of publication | London ; New York, NY : Routledge, Taylor & Francis Group, 2024 |
| International Standard Book Number | 9781003107774 |
| Record control number | (DLC) 2023026231 |
| 906 ## - LOCAL DATA ELEMENT F, LDF (RLIN) | |
| a | 7 |
| b | cbc |
| c | orignew |
| d | 1 |
| e | ecip |
| f | 20 |
| g | y-gencatlg |
| Withdrawn status | Lost status | Source of classification or shelving scheme | Damaged status | Not for loan | Home library | Current library | Shelving location | Accession Date | Vendor | Price | Bill number | Total Checkouts | Full call number | Barcode No | Date due | Date last seen | Date last checked out | Discount | Cost, replacement price | Bill Date | Koha item type |
|---|---|---|---|---|---|---|---|---|---|---|---|---|---|---|---|---|---|---|---|---|---|
| Dewey Decimal Classification | IMTN | IMTN | Rack 22-B | 07/24/2024 | Raghav Book PVT. LTD | 4430.89 | 724 | 1 | 658 FOR | 33559 | 04/02/2025 | 09/30/2024 | 09/30/2024 | 33 | 4430.89 | 07/24/2024 | Books |